تخطي إلى المحتوى
Inicio
Centros participantes
Catálogo
Servicios
Contacto
تسجيل الدخول
English
Deutsch
Español
Français
Italiano
日本語
Nederlands
Português
Português (Brasil)
中文(简体)
中文(繁體)
Türkçe
עברית
Gaeilge
Cymraeg
Ελληνικά
Català
Euskara
Русский
Čeština
Suomi
Svenska
polski
Dansk
slovenščina
اللغة العربية
বাংলা
Galego
Tiếng Việt
Hrvatski
हिंदी
Հայերէն
Українська
Sámegiella
اللغة
كل الحقول
العنوان
المؤلف
الموضوع
رقم الاستدعاء
ردمك/تدمد
الوسم
ابحث
بحث متقدم
Ensayos sobre estabilidad y de...
استشهد بهذا
أرسل هذا بالبريد الإلكتروني
طباعة
تصدير التسجيلة
تصدير إلى RefWorks
تصدير إلى EndNoteWeb
تصدير إلى EndNote
أضف إلى المفضلة
رابط دائم
إضافة أول تقييم
Ensayos sobre estabilidad y desarrollo económicos
محفوظ في:
التفاصيل البيبلوغرافية
المؤلف الرئيسي:
Kaldor, Nicholas
التنسيق:
نص
منشور في:
Madrid:
Tecnos
الوسوم:
إضافة وسم
لا توجد وسوم, كن أول من يضع وسما على هذه التسجيلة!
المقتنيات
الوصف
التعليقات
مواد مشابهة
عرض للأخصائي
MARC
LEADER
00000 a a2200000 04500
001
22223
003
040
090
|a
150800
100
|a
Kaldor, Nicholas
245
|a
Ensayos sobre estabilidad y desarrollo económicos
260
|a
Madrid:
|b
Tecnos
300
|a
284 p.
999
|c
11598
|d
11598
مواد مشابهة
Los Países de menor desarrollo económico relativo y la integración en América Latina /
El Desarrollo económico de la Europa continental (1500-1750). Historia económica mundial /
حسب: Kellenbenz, Hermann
La impagable deuda externa de América Latina y del Tercer Mundo, como puede y debe ser cancelada y la urgente necesidad del nuevo orden económico internacional
حسب: Castro Ruz, Fidel
EEUU 1945 - 1985: Economía política y militarización de la economía /
حسب: Cabrera, M. A
Más allá de la clase dirigente
حسب: Keller, Suzanne